000 00823nam a22002297a 4500
005 20140313100409.0
008 140108b xxu||||| |||| 00| 0 eng d
020 _a9781107023192
050 _aHB 172.5
_b.B126 2013
100 _aBackhouse, Roger E.
245 _aTransforming modern macroeconomics :
_bexploring disequilibrium microfoundations, 1956-2003 /
_cRoger E. Backhouse, Mauro Boianovsky.
260 _aCambridge :
_bCambridge University Press,
_c2013.
300 _axx, 215 p. :
_bill. ;
_c24 cm.
504 _aIncludes Bibliographic References and Index.
521 _aBSBA
650 _aMacroeconomics
_xHistory.
650 _aEquilibrium (Economics)
_xHistory.
650 _aBUSINESS & ECONOMICS / Economic History.
700 _aBoianovsky, Mauro.
942 _2lcc
_cBK
_kFOR
999 _c25951
_d25951